000 00639nam a2200205Ia 4500
003 GCL
008 140319s9999 xx 000 0 ara d
040 _aGCL /
_cGCL
082 0 4 _a812.052
_bع م
100 1 _aعلى سالم (مترجم)
245 1 0 _aمؤلفات على سالم /
_cعلى سالم (مترجم)
260 _a[S.N] :
_bالهيئة المصرية العامة للكتاب ،
_c1994
300 _a670 ص
490 _a
650 0 4 _aالادب العربى
650 0 4 _aالمسرحيات المصرية
650 0 4 _aالمسرحيات الكوميدية
650 0 4 _aالمجموعات
942 _2ddc
_cBK
999 _c30809
_d30809